00821cam a22002417a 4500003000500000005001700005008004100022010001000063011001000073035001000083040000900093100002300102245014200125260008500267300001000352410004000362490002300402650002500425650004200450650002400492810004000516830002300556CHAP20220329142116.0990601d1996 mx r 00110 eng d a78555 a79527 a89786 cCHAP00aDempsey, Gerard J.10aIn situ conservation of crops and their relatives :ba review of current status and prospects for wheat and maizec/ by Gerard J. Dempsey aMéxico, D.F. :bCentro Internacional de Mejoramiento de Maíz y Trigo,c1996. a33 p.21aCIMMYT. Grupo de recursos naturales 0aDocumentov; 96-0814aMaízxGermoplasma.14aRecursos genéticosxConservación.14aTrigoxGermoplasma.00aCIMMYT. Grupo de recursos naturales0 aDocumentov; 96-08